=LDR 00000nam 2200000 4500 =001 000189 =020 $9793862173 =082 $297.500 =100 $$a Jefry AlBukhori =245 $$a Senandung cinta /$c Jefry AlBukhori =264 $Jakarta: AMP Press 2020 =300 $162 halaman; 19 cm. =650 $Islam =905 $297.5 JEF s =336 $$a =337 $$a =338 $$a =005 20260702151432.0 =008 260702s2026\\\\\\\\\\\\\\\\\\\\\\\\\\\\\\\\\\\\\\\\\